LDR 00855naa#a2200181#i#450# 001 EN\\bibl\19442 005 20260516042344.6 100 ## _a20260515b2026####ek#y0engy0150####ca 102 ## _aRU 200 1# _aIMPACT OF CLIMATE CHANGE IN THE NOGAI STEPPE ON THE PRODUCTIVITY OF PASTURE ECOSYSTEMS _eConference article/thesis 210 1# _aVoronezh _cFSBE Institution of Higher Education Voronezh State University of Forestry and Technologies named after G.F. Morozov _d2026 215 ## _a7 с. 608 ## _aConference article/thesis _2local 675 ## _aУсловия существования растений. 630.181 _aБиоценоз. Растительные сообщества. 581.55 _aКлиматические факторы. 58.056 _z 700 #1 _aRybashlykova _gLyudmila Petrovna 700 #1 _aSivceva _gS. N. 700 #1 _aMahovikova _gT. F. 856 4# _abibl.vgltu.ru _u